|
|
|
|
| LEADER |
00000nab#a22000007a#4500 |
| 001 |
arbauad005620 |
| 003 |
AR-BaUAD |
| 005 |
20250711110722.0 |
| 008 |
940831|||||||||###||||||b###|0###a|spa|| |
| 040 |
|
|
|a AR-BaUAD
|c AR-BaUAD
|b spa
|
| 245 |
1 |
0 |
|a Sede deportiva y social Country Club Miraflores, Buenos Aires
|
| 300 |
0 |
|
|b cortes, fot., plantas, vistas
|
| 653 |
|
|
|a ARQUITECTURA DEPORTIVA
|
| 653 |
|
|
|a COUNTRY CLUBS
|
| 653 |
|
|
|a BUENOS AIRES, PROVINCIA
|
| 653 |
|
|
|a BAUDIZZONE-LESTARD-VARAS
|
| 653 |
|
|
|a COUNTRY CLUB MIRAFLORES
|
| 653 |
|
|
|a ARGENTINA
|
| 773 |
0 |
|
|t SUMMA
|g no. 273 [mayo 1990], p. 62-65
|
| 942 |
|
|
|c ARTI
|
| 952 |
|
|
|0 0
|1 0
|4 0
|7 0
|9 50540
|a AR-BAuAD
|b AR-BAuAD
|d 2025-07-11
|l 0
|p AAQA005620
|r 2025-07-11 11:07:22
|w 2025-07-11
|y ARTI
|
| 990 |
|
|
|a AQ199
|b TD
|
| 998 |
|
|
|a AAQ
|b BIBUN76
|
| 999 |
|
|
|c 30213
|d 30213
|